| 000 | 00000nam##2200000za#4500 |
| 001 | 9.643178 |
| 003 | CaOODSP |
| 005 | 20210624224041 |
| 007 | cr ||||||||||| |
| 008 | 150407|2000||||xxc|||||o f|0| 0 fre|d |
| 040 | |aCaOODSP|bfre |
| 043 | |an-cn--- |
| 086 | 1 |aCW66-402/2000F-PDF |
| 110 | 2 |aService canadien de la faune. |
| 245 | 10|aStratégie nationale de surveillance des oiseaux terrestres : |h[ressource électronique]|bbesoins et priorités en matière de surveillance pour le nouveau millénaire / |cpréparé au nom de Partenaires d'envol - Canada par Connie M. Downes, Erica H. Dunn, et Charles M. Francis. |
| 260 | |aHull - Québec : |bEnvironnement Canada. |cMars 2000. |
| 300 | |a74p.|bill., références, tableaux |
| 590 | |a14-21-Supp|b2014-12-11 |
| 691 | 07|aConservation de l'environnement|2gcpds |
| 691 | 07|aOiseau|2gcpds |
| 775 | 08|tCanadian Landbird Monitoring Strategy : |w(CaOODSP)9.699124 |
| 856 | 40|ahttp://publications.gc.ca|qPDF|s652 Ko|uhttps://publications.gc.ca/collections/collection_2014/ec/CW66-402-2000-fra.pdf |